[Event "Timbues op"]
[Site "Timbues"]
[Date "2019.11.16"]
[Round "2"]
[White "Lujan, Nelson"]
[Black "Rodriguez Vila, Andres"]
[Result "1-0"]
[WhiteElo "2149"]
[BlackElo "2480"]
[PlyCount "103"]
[EventDate "2019.11.15"]
[EventType "swiss"]
[EventRounds "7"]
[EventCountry "ARG"]
[SourceTitle "CBM 193 Extra"]
[Source "ChessBase"]
[SourceDate "2020.01.31"]
[SourceVersion "1"]
[SourceVersionDate "2020.01.31"]
[SourceQuality "1"]

1. e4 e6 2. d4 d5 3. exd5 exd5 4. Bd3 c5 5. dxc5 Bxc5 6. Nf3 Nc6 7. 0-0 Nge7 8. a3 0-0 9. b4 Bb6 10. Bb2 Ng6 11. Nc3 Nf4 12. Ne2 Nxd3 13. Qxd3 Ne7 14. Ng3 f6 15. Rad1 Qc7 16. Rfe1 Bg4 17. Rd2 Rad8 18. Bd4 Ng6 19. Bxb6 Qxb6 20. c4 Bxf3 21. c5 Qa6 22. Qxf3 Ne5 23. Qd1 Qxa3 24. Rxd5 Rde8 25. Re4 g6 26. h4 h5 27. b5 Qb2 28. Qe2 Qc1+ 29. Qd1 Qxd1+ 30. Rxd1 Rc8 31. f4 Ng4 32. Re7 Rf7 33. Rxf7 Kxf7 34. Ne4 Ke6 35. Rd3 a6 36. b6 f5 37. Ng5+ Ke7 38. Rc3 Kd7 39. Nf3 Kc6 40. Kf1 Re8 41. Nd4+ Kd5 42. Nb3 Re3 43. c6 Rxc3 44. cxb7 Rxb3 45. b8Q Rb1+ 46. Ke2 Rb2+ 47. Ke1 Rb1+ 48. Kd2 Rb2+ 49. Kc3 Rb5 50. Qd8+ Ke6 51. Qc8+ Kd6 52. b7 1-0

[Event "Daireaux IRT 3rd"]
[Site "Daireaux"]
[Date "2019.07.07"]
[Round "4.3"]
[White "Azparren, Dario"]
[Black "Lujan, Nelson"]
[Result "0-1"]
[WhiteElo "1891"]
[BlackElo "2143"]
[PlyCount "70"]
[EventDate "2019.07.06"]
[EventType "swiss"]
[EventRounds "7"]
[EventCountry "ARG"]
[SourceTitle "EXT 2024"]
[Source "ChessBase"]
[SourceDate "2023.10.10"]
[SourceVersion "1"]
[SourceVersionDate "2023.10.10"]
[SourceQuality "1"]

1. f4 e5 2. fxe5 d6 3. Nf3 dxe5 4. e4 Nc6 5. Bb5 Bc5 6. Bxc6+ bxc6 7. Qe2 Nf6 8. d3 0-0 9. Be3 Qd6 10. Nbd2 Be6 11. Ng5 Bg4 12. Qf2 Bxe3 13. Qxe3 h6 14. Ngf3 Be6 15. h3 Rab8 16. b3 Nh5 17. 0-0 Nf4 18. Nxe5 Nxh3+ 19. gxh3 Qxe5 20. d4 Qh5 21. Kh2 f5 22. e5 Rbd8 23. c3 c5 24. Qf3 Qg5 25. Qf4 Qxf4+ 26. Rxf4 g5 27. Rf2 cxd4 28. cxd4 Rxd4 29. Rc1 Rf7 30. Rc6 Re7 31. Nf3 Rd3 32. Nd2 Kg7 33. Nc4 f4 34. Nd2 Rxh3+ 35. Kg2 Rd3 0-1

[Event "Daireaux IRT 3rd"]
[Site "Daireaux"]
[Date "2019.07.06"]
[Round "1.1"]
[White "Lujan, Nelson"]
[Black "Huayhua, Carlos"]
[Result "1-0"]
[WhiteElo "2143"]
[BlackElo "1635"]
[PlyCount "37"]
[EventDate "2019.07.06"]
[EventType "swiss"]
[EventRounds "7"]
[EventCountry "ARG"]
[SourceTitle "EXT 2024"]
[Source "ChessBase"]
[SourceDate "2023.10.10"]
[SourceVersion "1"]
[SourceVersionDate "2023.10.10"]
[SourceQuality "1"]

1. e4 c5 2. Nf3 e6 3. Nc3 a6 4. d4 cxd4 5. Nxd4 Qc7 6. Be2 Bb4 7. 0-0 Bxc3 8. bxc3 Qxc3 9. Rb1 Nf6 10. e5 Nd5 11. Rb3 Qc7 12. c4 Ne7 13. Ba3 Qxe5 14. f4 Qc7 15. f5 e5 16. f6 exd4 17. fxg7 Rg8 18. Bh5 Ng6 19. Bxg6 1-0

[Event "Daireaux IRT 3rd"]
[Site "Daireaux"]
[Date "2019.07.06"]
[Round "2.1"]
[White "Quiroga, Luis Alberto"]
[Black "Lujan, Nelson"]
[Result "0-1"]
[WhiteElo "1890"]
[BlackElo "2143"]
[PlyCount "50"]
[EventDate "2019.07.06"]
[EventType "swiss"]
[EventRounds "7"]
[EventCountry "ARG"]
[SourceTitle "EXT 2024"]
[Source "ChessBase"]
[SourceDate "2023.10.10"]
[SourceVersion "1"]
[SourceVersionDate "2023.10.10"]
[SourceQuality "1"]

1. e4 c5 2. Nc3 Nc6 3. g3 g6 4. Bg2 Bg7 5. f4 h5 6. h3 d6 7. Nf3 e6 8. 0-0 Nge7 9. d3 b6 10. Be3 Bb7 11. d4 cxd4 12. Nxd4 0-0 13. Nxc6 Bxc6 14. Qd2 Qc7 15. g4 hxg4 16. hxg4 f5 17. Qf2 Bxc3 18. bxc3 Bxe4 19. Bxe4 fxe4 20. Kg2 Nd5 21. Rh1 Qxc3 22. Rae1 Rac8 23. Rh3 Qf6 24. Reh1 Nxe3+ 25. Rxe3 Qxf4 0-1

[Event "ARG-ch U2300"]
[Site "Tacuari"]
[Date "2018.11.19"]
[Round "7"]
[White "Perez, Mario Abel"]
[Black "Lujan, Nelson"]
[Result "0-1"]
[WhiteElo "2101"]
[BlackElo "2070"]
[PlyCount "116"]
[EventDate "2018.11.16"]
[EventType "swiss"]
[EventRounds "7"]
[EventCountry "ARG"]
[SourceTitle "EXT 2020"]
[Source "ChessBase"]
[SourceDate "2019.10.17"]
[SourceVersion "1"]
[SourceVersionDate "2019.10.17"]
[SourceQuality "1"]

1. d4 Nf6 2. Nf3 d6 3. Bg5 Nbd7 4. Nbd2 c5 5. c3 b6 6. e4 Qc7 7. Bc4 Bb7 8. Qb3 e6 9. 0-0 Be7 10. Rfe1 0-0 11. e5 Nd5 12. Bxe7 Nxe7 13. exd6 Qxd6 14. Bxe6 cxd4 15. cxd4 Nf6 16. Bc4 Ned5 17. Ne5 Rac8 18. Rad1 Nf4 19. Bxf7+ Kh8 20. Ndf3 N6d5 21. Ng5 Qf6 22. Qg3 Qf5 23. Re4 Qxe4 24. Nxe4 Ne2+ 25. Kh1 Nxg3+ 26. hxg3 Rc2 27. Nd6 Ba8 28. Re1 g6 29. Bxg6 Rcxf2 30. Bd3 Nb4 31. Be4 Rf1+ 32. Rxf1 Rxf1+ 33. Kh2 Bxe4 34. Nxe4 Rd1 35. Nf3 Nd5 36. Kh3 Kg7 37. Kg4 Nf6+ 38. Kf4 Nxe4 39. Kxe4 Kf6 40. Ne5 Rd2 41. Nd3 Rxg2 42. d5 Rxg3 43. Nf4 Rg4 44. d6 Rxf4+ 45. Kxf4 Ke6 46. d7 Kxd7 47. Kg5 Kc6 48. Kh6 Kc5 49. Kxh7 Kc4 50. Kg6 Kd3 51. Kf5 Kc2 52. b4 Kc3 53. b5 Kb4 54. Ke4 Ka3 55. Kd3 Kxa2 56. Kc2 Ka3 57. Kc3 Ka4 58. Kc4 Ka5 0-1

[Event "Buenos Aires Finde Largo op 2nd"]
[Site "Buenos Aires"]
[Date "2018.10.13"]
[Round "2.1"]
[White "Lujan, Nelson"]
[Black "Tempone, Marcelo"]
[Result "0-1"]
[WhiteElo "2090"]
[BlackElo "2387"]
[PlyCount "62"]
[EventDate "2018.10.13"]
[EventType "swiss"]
[EventRounds "6"]
[EventCountry "ARG"]
[SourceTitle "EXT 2024"]
[Source "ChessBase"]
[SourceDate "2023.10.10"]
[SourceVersion "1"]
[SourceVersionDate "2023.10.10"]
[SourceQuality "1"]

1. e4 d6 2. d4 Nf6 3. Nc3 Nbd7 4. Be3 e5 5. f3 c6 6. Qd2 b5 7. a3 Be7 8. d5 cxd5 9. Nxd5 Nxd5 10. Qxd5 Rb8 11. 0-0-0 a6 12. h4 0-0 13. Nh3 Nb6 14. Qd2 Qc7 15. g4 Be6 16. Ng5 Ba2 17. f4 Rfc8 18. Rh2 f6 19. Nf3 Bf7 20. Bxb6 Rxb6 21. Kb1 Qb7 22. Qe3 b4 23. a4 b3 24. c3 Qc7 25. a5 Rbb8 26. Nd2 exf4 27. Qd4 Bd8 28. g5 Qc5 29. Qd3 Qxa5 30. gxf6 Bxf6 31. Qxa6 Qa2+ 0-1

[Event "Coronel Pringles U2200 3rd"]
[Site "Coronel Pringles"]
[Date "2018.09.08"]
[Round "4.2"]
[White "Lujan, Nelson"]
[Black "Shcherbine, Andrei"]
[Result "1/2-1/2"]
[WhiteElo "2097"]
[BlackElo "2171"]
[PlyCount "117"]
[EventDate "2018.09.07"]
[EventType "swiss"]
[EventRounds "7"]
[EventCountry "ARG"]
[SourceTitle "EXT 2024"]
[Source "ChessBase"]
[SourceDate "2023.10.10"]
[SourceVersion "1"]
[SourceVersionDate "2023.10.10"]
[SourceQuality "1"]

1. e4 c5 2. Nf3 Nc6 3. d4 cxd4 4. Nxd4 g6 5. Nc3 Bg7 6. Be3 Nf6 7. Bc4 d6 8. f3 Qb6 9. Nf5 Qxb2 10. Nxg7+ Kf8 11. Nd5 Nxd5 12. Qxd5 Qxa1+ 13. Kf2 Qf6 14. Bh6 Kg8 15. Ne8 Qd4+ 16. Qxd4 Nxd4 17. Nc7 Rb8 18. Rd1 Ne6 19. Nd5 f6 20. f4 b5 21. Nxe7+ Kf7 22. Nc6 Rb6 23. Bd5 Bb7 24. f5 Bxc6 25. Bxe6+ Ke7 26. Ke3 Ra6 27. Bb3 Re8 28. g4 gxf5 29. gxf5 Kd7 30. Rd4 Rb6 31. Bg7 Ke7 32. Kf4 a5 33. Rd1 a4 34. Be6 Bb7 35. Rg1 Rc6 36. Bh8 Rxh8 37. Rg7+ Kd8 38. Rxb7 Rf8 39. Rxb5 Kc7 40. Bd5 Rxc2 41. Rb7+ Kc8 42. Rxh7 Rc7 43. Rh6 Rg7 44. h4 Kd7 45. h5 Ke7 46. Rg6 Rh7 47. h6 Rfh8 48. Ke3 a3 49. Kd4 Rxh6 50. Rg7+ Kd8 51. Ra7 Rh3 52. Bb3 R8h4 53. Rxa3 Rf3 54. Ra5 Rff4 55. Bd5 Rxf5 56. Ra6 Kc7 57. Ra7+ Kd8 58. Ra6 Kc7 59. Ra7+ 1/2-1/2

[Event "Daireaux U2200 2nd"]
[Site "Daireaux"]
[Date "2018.06.24"]
[Round "6.1"]
[White "Lujan, Nelson"]
[Black "Sapienza, Julian"]
[Result "1-0"]
[WhiteElo "2055"]
[BlackElo "2153"]
[PlyCount "77"]
[EventDate "2018.06.22"]
[EventType "swiss"]
[EventRounds "7"]
[EventCountry "ARG"]
[SourceTitle "EXT 2024"]
[Source "ChessBase"]
[SourceDate "2023.10.10"]
[SourceVersion "1"]
[SourceVersionDate "2023.10.10"]
[SourceQuality "1"]

1. c4 e5 2. Nc3 Nf6 3. g3 d5 4. cxd5 Nxd5 5. Bg2 Nb6 6. Nf3 Nc6 7. 0-0 Be7 8. a3 a5 9. d3 0-0 10. Rb1 Be6 11. Be3 f6 12. Ne4 Nd5 13. Bc5 f5 14. Bxe7 Qxe7 15. Neg5 a4 16. Nxe6 Qxe6 17. e4 fxe4 18. dxe4 Nb6 19. b4 Rad8 20. Qc1 Rd3 21. Ng5 Qg6 22. b5 Nd4 23. Qxc7 h6 24. Nh3 Qe6 25. f4 Ne2+ 26. Kh1 exf4 27. Nxf4 Nxf4 28. gxf4 Rc8 29. Qxb7 Rd7 30. f5 Qf6 31. e5 Qd8 32. Qf3 Rd3 33. Qg4 Rc4 34. Qg6 h5 35. f6 Rg4 36. Qxh5 Rdd4 37. f7+ Kf8 38. Qh8+ Ke7 39. f8Q+ 1-0

[Event "Daireaux U2200 2nd"]
[Site "Daireaux"]
[Date "2018.06.23"]
[Round "4.4"]
[White "Lujan, Nelson"]
[Black "Garcia, Ortiz Demis"]
[Result "1-0"]
[WhiteElo "2055"]
[BlackElo "1848"]
[PlyCount "59"]
[EventDate "2018.06.22"]
[EventType "swiss"]
[EventRounds "7"]
[EventCountry "ARG"]
[SourceTitle "EXT 2024"]
[Source "ChessBase"]
[SourceDate "2023.10.10"]
[SourceVersion "1"]
[SourceVersionDate "2023.10.10"]
[SourceQuality "1"]

1. e4 d6 2. d4 Nf6 3. Nc3 e5 4. dxe5 dxe5 5. Qxd8+ Kxd8 6. Bg5 Be6 7. 0-0-0+ Kc8 8. f4 h6 9. Bh4 exf4 10. Bxf6 gxf6 11. Nd5 Bc5 12. Ne2 Bxd5 13. Rxd5 Be3+ 14. Kb1 Rd8 15. Nc3 Nd7 16. g3 c6 17. Rf5 fxg3 18. hxg3 Bg5 19. Bh3 Kc7 20. e5 Nxe5 21. Ne4 Nd7 22. c4 Re8 23. Rd1 Rad8 24. Nd6 Re7 25. b4 Nb6 26. Nb5+ Kc8 27. Rxg5+ Nd7 28. Nd6+ Kc7 29. Rf5 Ne5 30. c5 1-0

[Event "Buenos Aires U2200 op"]
[Site "Buenos Aires"]
[Date "2018.04.20"]
[Round "2.3"]
[White "Lujan, Nelson"]
[Black "Pires, Carlos Martin"]
[Result "1-0"]
[WhiteElo "2071"]
[BlackElo "1825"]
[PlyCount "115"]
[EventDate "2018.04.20"]
[EventType "swiss"]
[EventRounds "7"]
[EventCountry "ARG"]
[SourceTitle "EXT 2024"]
[Source "ChessBase"]
[SourceDate "2023.10.10"]
[SourceVersion "1"]
[SourceVersionDate "2023.10.10"]
[SourceQuality "1"]

1. c4 e6 2. g3 Nf6 3. Bg2 d5 4. b3 Be7 5. Bb2 c6 6. e3 Nbd7 7. f4 dxc4 8. bxc4 Nc5 9. d4 Na6 10. a3 0-0 11. Nf3 Qb6 12. Bc3 c5 13. Nbd2 cxd4 14. exd4 Bd7 15. Ne5 Bc6 16. Nxc6 bxc6 17. Qa4 Nc7 18. Bxc6 Rad8 19. Rb1 Qa6 20. Rb7 Qxa4 21. Bxa4 Rc8 22. Ba5 Ncd5 23. cxd5 Rc1+ 24. Bd1 Nxd5 25. Nb3 Rb1 26. Bd2 a5 27. Nxa5 Rxb7 28. Nxb7 Bxa3 29. Nc5 Bxc5 30. dxc5 Rc8 31. Bf3 Rxc5 32. Bxd5 Rxd5 33. Ke2 f6 34. Rb1 Kf7 35. Rb7+ Kg6 36. Re7 Rd6 37. Be3 Ra6 38. Kf3 h5 39. h3 Rc6 40. Rb7 Rc3 41. Rb6 Kf7 42. Rb5 Kg6 43. g4 hxg4+ 44. hxg4 Rc7 45. Rb6 Kf7 46. Ke4 Rc4+ 47. Bd4 Rc7 48. Ra6 Ke7 49. Ra7 Rxa7 50. Bxa7 Kf7 51. Be3 Ke7 52. Kd4 Kd6 53. Kc4 g6 54. Bc5+ Kd7 55. Bd4 Ke7 56. Kc5 f5 57. g5 Kd7 58. Be5 1-0

[Event "General La Madrid U2200 1st"]
[Site "General La Madrid"]
[Date "2017.11.04"]
[Round "4.1"]
[White "Leto, Enzo"]
[Black "Lujan, Nelson"]
[Result "1-0"]
[WhiteElo "2181"]
[BlackElo "2088"]
[PlyCount "119"]
[EventDate "2017.11.03"]
[EventType "swiss"]
[EventRounds "7"]
[EventCountry "ARG"]
[SourceTitle "EXT 2024"]
[Source "ChessBase"]
[SourceDate "2023.10.10"]
[SourceVersion "1"]
[SourceVersionDate "2023.10.10"]
[SourceQuality "1"]

1. d4 d5 2. c4 dxc4 3. Nf3 Nf6 4. e3 e6 5. Bxc4 c5 6. 0-0 a6 7. a4 Nc6 8. Qe2 Qc7 9. Nc3 Bd6 10. Rd1 b6 11. d5 exd5 12. Nxd5 Nxd5 13. Bxd5 Bb7 14. b3 0-0 15. Bb2 Rad8 16. Rac1 Na5 17. Bxb7 Qxb7 18. Qc2 f6 19. Bc3 Nc6 20. h3 Qf7 21. Nd2 Bb8 22. Qe4 Ne5 23. Bxe5 Bxe5 24. Nc4 Bb8 25. Qc6 Qc7 26. Qxc7 Bxc7 27. Kf1 Kf7 28. Ke2 Ke6 29. Nb2 Rxd1 30. Kxd1 Rd8+ 31. Ke2 Bd6 32. Nd3 Kd5 33. f3 Rd7 34. e4+ Ke6 35. a5 Rb7 36. axb6 Rxb6 37. Nxc5+ Bxc5 38. Rxc5 Rxb3 39. Rc7 Rb2+ 40. Kf1 g5 41. Rc6+ Ke5 42. Rxa6 h5 43. Rc6 h4 44. Rc5+ Kf4 45. Rf5+ Kg3 46. Rxf6 Rxg2 47. Rf5 Kxh3 48. e5 g4 49. Rf4 Ra2 50. Rxg4 Kh2 51. e6 Ra6 52. e7 Ra8 53. Rxh4+ Kg3 54. Re4 Re8 55. Ke2 Kh3 56. Ke3 Kg3 57. Rg4+ Kh3 58. Re4 Kg3 59. Re6 Kh3 60. Kf4 1-0

[Event "Daireaux U2200 1st"]
[Site "Daireaux"]
[Date "2017.07.07"]
[Round "2.3"]
[White "Luna, Nicolas"]
[Black "Lujan, Nelson"]
[Result "0-1"]
[WhiteElo "1891"]
[BlackElo "2033"]
[PlyCount "84"]
[EventDate "2017.07.07"]
[EventType "swiss"]
[EventRounds "7"]
[EventCountry "ARG"]
[SourceTitle "EXT 2024"]
[Source "ChessBase"]
[SourceDate "2023.10.10"]
[SourceVersion "1"]
[SourceVersionDate "2023.10.10"]
[SourceQuality "1"]

1. e4 c5 2. Nf3 a6 3. Nc3 Nc6 4. d4 cxd4 5. Nxd4 e6 6. Be2 Bb4 7. 0-0 Nf6 8. Nxc6 dxc6 9. Qxd8+ Kxd8 10. Bg5 h6 11. Bxf6+ gxf6 12. Nb1 Ke7 13. c3 Bc5 14. Nd2 b5 15. Rad1 Bb6 16. Bf3 Bb7 17. Rfe1 c5 18. e5 Bxf3 19. exf6+ Kxf6 20. Nxf3 Rad8 21. Rxd8 Rxd8 22. Kf1 c4 23. Ke2 Rd5 24. Nd2 Re5+ 25. Kd1 Rxe1+ 26. Kxe1 Ke5 27. Ke2 Kd5 28. g4 a5 29. b3 cxb3 30. axb3 a4 31. c4+ Kd4 32. bxa4 bxa4 33. f4 Kc3 34. h4 Kc2 35. c5 Bxc5 36. Nc4 Kc3 37. Nd2 a3 38. Nb1+ Kd4 39. g5 hxg5 40. h5 a2 41. Nd2 Kc3 42. Ne4+ Kc2 0-1

[Event "World Amateur-ch U2300"]
[Site "Spoleto"]
[Date "2017.04.04"]
[Round "5"]
[White "Lam, Daniel King Wai"]
[Black "Lujan, Nelson"]
[Result "1-0"]
[WhiteElo "2202"]
[BlackElo "2012"]
[PlyCount "71"]
[EventDate "2017.04.01"]
[EventType "swiss"]
[EventRounds "9"]
[EventCountry "ITA"]
[SourceTitle "CBM 177 Extra"]
[Source "ChessBase"]
[SourceDate "2017.04.27"]
[SourceVersion "1"]
[SourceVersionDate "2017.04.27"]
[SourceQuality "1"]

1. e4 c5 2. Nf3 e6 3. d4 cxd4 4. Nxd4 a6 5. Bd3 Qc7 6. 0-0 Nc6 7. Nxc6 dxc6 8. Nd2 e5 9. Qe2 Nf6 10. a4 a5 11. Nc4 Bc5 12. Bg5 Qe7 13. Kh1 h6 14. Bd2 Bb4 15. c3 Bc5 16. f4 Bg4 17. Qe1 exf4 18. Rxf4 Be6 19. Qe2 Bxc4 20. Bxc4 0-0-0 21. e5 Rhe8 22. Re1 Nd5 23. Re4 Qd7 24. Bc1 Re6 25. Qg4 Rg6 26. Qf3 Re6 27. b4 axb4 28. cxb4 Ba7 29. b5 f6 30. bxc6 bxc6 31. Bb2 Ree8 32. e6 Qb7 33. Ba3 Nc7 34. e7 Rd4 35. Rxd4 Bxd4 36. Qg4+ 1-0

[Event "World Amateur-ch U2300"]
[Site "Spoleto"]
[Date "2017.04.03"]
[Round "4"]
[White "Lujan, Nelson"]
[Black "Fiori, Hector Dionisio"]
[Result "1-0"]
[WhiteElo "2012"]
[BlackElo "2158"]
[PlyCount "39"]
[EventDate "2017.04.01"]
[EventType "swiss"]
[EventRounds "9"]
[EventCountry "ITA"]
[SourceTitle "CBM 177 Extra"]
[Source "ChessBase"]
[SourceDate "2017.04.27"]
[SourceVersion "1"]
[SourceVersionDate "2017.04.27"]
[SourceQuality "1"]

1. d4 Nf6 2. Nf3 e6 3. c4 c5 4. e3 b6 5. Nc3 Bb7 6. Bd3 Be7 7. 0-0 0-0 8. d5 d6 9. e4 e5 10. Nh4 Nxd5 11. exd5 Bxh4 12. f4 Bf6 13. Ne4 Qe7 14. g4 exf4 15. Nxf6+ Qxf6 16. Rxf4 Qe7 17. Qc2 g6 18. Re4 Qd8 19. Bh6 Re8 20. Qc3 1-0

[Event "World Amateur-ch U2300"]
[Site "Spoleto"]
[Date "2017.04.01"]
[Round "1"]
[White "Verrascina, Roberto"]
[Black "Lujan, Nelson"]
[Result "1-0"]
[WhiteElo "2190"]
[BlackElo "2012"]
[PlyCount "127"]
[EventDate "2017.04.01"]
[EventType "swiss"]
[EventRounds "9"]
[EventCountry "ITA"]
[SourceTitle "CBM 177 Extra"]
[Source "ChessBase"]
[SourceDate "2017.04.27"]
[SourceVersion "1"]
[SourceVersionDate "2017.04.27"]
[SourceQuality "1"]

1. d4 Nf6 2. Bg5 e6 3. e4 Be7 4. Bd3 c5 5. dxc5 Qa5+ 6. Qd2 Qxc5 7. Nf3 Nc6 8. Nc3 a6 9. Na4 Qb4 10. Qxb4 Bxb4+ 11. c3 Ba5 12. b4 Bc7 13. 0-0 b5 14. Nc5 d6 15. Nb3 Nd7 16. a4 Nce5 17. Nxe5 Nxe5 18. Be2 f6 19. Be3 Rb8 20. axb5 axb5 21. Ra7 Kd8 22. Rd1 Bd7 23. Na5 Kc8 24. f4 Nc6 25. Ra6 Ne7 26. Bf3 Rd8 27. Nb3 Nc6 28. Na5 Ne7 29. g3 e5 30. Kf2 g6 31. Rd2 Be6 32. fxe5 fxe5 33. Bg5 Rd7 34. Bxe7 Bxa5 35. bxa5 Rxe7 36. Raxd6 Rd7 37. Ke3 Rxd6 38. Rxd6 Bc4 39. Be2 Kc7 40. Rf6 Ra8 41. a6 Kd7 42. g4 Ke7 43. g5 Rc8 44. Bd3 Rd8 45. Be2 Rc8 46. Rb6 Bxe2 47. Kxe2 Rxc3 48. Rxb5 Ra3 49. Rb7+ Kd6 50. a7 Kc5 51. Rd7 Kc4 52. h4 Kc5 53. Rd5+ Kc4 54. Rxe5 Rxa7 55. Rd5 Ra3 56. Rd7 Kc5 57. e5 Kc6 58. e6 Ra5 59. Kf3 Re5 60. Rxh7 Rxe6 61. Kf4 Kd6 62. Rf7 Kc6 63. Rf6 Kd6 64. Kg4 1-0

[Event "ARG-ch Amateur U2300"]
[Site "Torre Blanca"]
[Date "2016.12.11"]
[Round "7.14"]
[White "Torres, Federico"]
[Black "Lujan, Nelson"]
[Result "1-0"]
[WhiteElo "2179"]
[BlackElo "2006"]
[PlyCount "73"]
[EventDate "2016.12.08"]
[EventType "swiss"]
[EventRounds "8"]
[EventCountry "ARG"]
[SourceTitle "EXT 2024"]
[Source "ChessBase"]
[SourceDate "2023.10.10"]
[SourceVersion "1"]
[SourceVersionDate "2023.10.10"]
[SourceQuality "1"]

1. e4 c6 2. d3 d5 3. Nd2 e5 4. Ngf3 Nd7 5. g3 Ngf6 6. Bg2 Bc5 7. 0-0 0-0 8. c3 Bb6 9. Qc2 Re8 10. b4 Qc7 11. Bb2 a5 12. a3 Nf8 13. h3 Ne6 14. exd5 cxd5 15. c4 d4 16. Rfd1 Nf8 17. c5 Ba7 18. Nc4 Ng6 19. Rac1 axb4 20. axb4 Bb8 21. h4 Qd8 22. Ra1 Rxa1 23. Rxa1 Be6 24. Ra8 Bxc4 25. Qxc4 Nd5 26. Ng5 Nge7 27. Rxb8 Qxb8 28. Bxd5 Nxd5 29. Qxd5 Qc7 30. Qe4 g6 31. Bxd4 Qc6 32. Qxc6 bxc6 33. Ne4 Kg7 34. Nd6 Re7 35. Bc3 f6 36. b5 cxb5 37. c6 1-0

[Event "ARG-ch Amateur U2300"]
[Site "Torre Blanca"]
[Date "2016.12.09"]
[Round "3.13"]
[White "Lujan, Nelson"]
[Black "Miravent, Pablo"]
[Result "1-0"]
[WhiteElo "2006"]
[BlackElo "2116"]
[PlyCount "111"]
[EventDate "2016.12.08"]
[EventType "swiss"]
[EventRounds "8"]
[EventCountry "ARG"]
[SourceTitle "EXT 2024"]
[Source "ChessBase"]
[SourceDate "2023.10.10"]
[SourceVersion "1"]
[SourceVersionDate "2023.10.10"]
[SourceQuality "1"]

1. e4 c5 2. Nf3 d6 3. Nc3 Nf6 4. g3 Nc6 5. h3 g6 6. Bg2 Bg7 7. 0-0 0-0 8. d3 e5 9. Be3 Nd4 10. Bxd4 exd4 11. Ne2 d5 12. Nd2 dxe4 13. Nxe4 Nxe4 14. dxe4 Be6 15. Nf4 Bc4 16. Re1 Qd7 17. Nd3 Rac8 18. Kh2 Rfe8 19. f4 f6 20. Qf3 Rc7 21. Rad1 Qb5 22. b3 Bf7 23. e5 Ree7 24. exf6 Bxf6 25. f5 g5 26. a4 Qa5 27. Rxe7 Rxe7 28. Nf2 Kg7 29. Ng4 Qc7 30. Rd3 b6 31. Qf2 h5 32. Nxf6 Kxf6 33. Kg1 Qe5 34. Kf1 c4 35. Rxd4 cxb3 36. cxb3 Bxb3 37. Be4 Bxa4 38. h4 Bb5+ 39. Kg2 gxh4 40. g4 Qg3+ 41. Qxg3 hxg3 42. Kxg3 hxg4 43. Kf4 Rd7 44. Rb4 Be2 45. Rb2 Bd1 46. Rh2 b5 47. Rh6+ Kg7 48. Kg5 Kg8 49. f6 Bf3 50. Bf5 Rd5 51. Kg6 Rd6 52. Rh7 g3 53. Rc7 Rd8 54. Be6+ Kf8 55. Rg7 Bh5+ 56. Kh6 1-0

[Event "ARG-ch Amateur U2300"]
[Site "Torre Blanca"]
[Date "2016.12.09"]
[Round "4.9"]
[White "Spector, Sebastian"]
[Black "Lujan, Nelson"]
[Result "1-0"]
[WhiteElo "2153"]
[BlackElo "2006"]
[PlyCount "71"]
[EventDate "2016.12.08"]
[EventType "swiss"]
[EventRounds "8"]
[EventCountry "ARG"]
[SourceTitle "EXT 2024"]
[Source "ChessBase"]
[SourceDate "2023.10.10"]
[SourceVersion "1"]
[SourceVersionDate "2023.10.10"]
[SourceQuality "1"]

1. d4 d5 2. c4 c6 3. e3 Nf6 4. Nf3 e6 5. Nc3 Bd6 6. Bd3 Nbd7 7. 0-0 0-0 8. b3 b6 9. Bb2 Bb7 10. Rc1 Rc8 11. e4 dxe4 12. Nxe4 Nxe4 13. Bxe4 Nf6 14. Bc2 Bf4 15. Rb1 c5 16. dxc5 bxc5 17. Qe2 Qc7 18. Ne5 Rfd8 19. Rbd1 Rxd1 20. Rxd1 Rd8 21. g3 Rxd1+ 22. Qxd1 Bxe5 23. Bxe5 Qc8 24. f3 Nd7 25. Bc3 f5 26. Qd6 Nf8 27. Qe5 Qd7 28. Kf2 Ng6 29. Qxc5 e5 30. Qe3 f4 31. gxf4 Qh3 32. Bxg6 Qxh2+ 33. Ke1 hxg6 34. Qxe5 Qh1+ 35. Kd2 Qg2+ 36. Kc1 1-0

[Event "Pan American-ch U2000"]
[Site "Carilo Village"]
[Date "2016.10.28"]
[Round "6"]
[White "Lujan, Nelson"]
[Black "Zimmermann, Kleber Renato P"]
[Result "1-0"]
[WhiteElo "1962"]
[BlackElo "1936"]
[PlyCount "135"]
[EventDate "2016.10.25"]
[EventType "swiss"]
[EventRounds "9"]
[EventCountry "ARG"]
[SourceTitle "EXT 2022"]
[Source "ChessBase"]
[SourceDate "2021.10.06"]
[SourceVersion "1"]
[SourceVersionDate "2021.10.06"]
[SourceQuality "1"]

1. d4 Nf6 2. Bf4 d5 3. Nf3 e6 4. e3 Bd6 5. Bg3 Bxg3 6. hxg3 Qd6 7. c3 Nbd7 8. Nbd2 c6 9. Bd3 e5 10. dxe5 Nxe5 11. Nxe5 Qxe5 12. Nf3 Qe7 13. Qc2 Be6 14. 0-0-0 0-0-0 15. Kb1 Kb8 16. Rh4 Bg4 17. Re1 Bxf3 18. gxf3 h5 19. Ra4 g6 20. Ra3 Rhe8 21. Qa4 Qc5 22. Rc1 Nd7 23. c4 d4 24. b4 Qb6 25. c5 Nxc5 26. Rxc5 dxe3 27. fxe3 Rxe3 28. Bc2 Rxa3 29. Qxa3 Rd4 30. Qc3 Qxb4+ 31. Qxb4 Rxb4+ 32. Kc1 h4 33. gxh4 Rxh4 34. Re5 Rf4 35. Bd1 Kc7 36. Re7+ Kb6 37. Kd2 a5 38. Ke3 g5 39. Bb3 f6 40. Be6 Rb4 41. Rf7 Rf4 42. Bc8 a4 43. Rxb7+ Kc5 44. Be6 Kd6 45. Bf7 c5 46. Be8 Rh4 47. Ra7 a3 48. Rxa3 g4 49. Ra4 Rh1 50. Bb5 gxf3 51. Kxf3 Rh3+ 52. Kg4 Rh2 53. Bc4 Ke5 54. Bb3 f5+ 55. Kg3 Rd2 56. Rc4 Rd3+ 57. Kf2 Kd6 58. Ke2 Rh3 59. Rf4 Ke5 60. Rf3 Rh2+ 61. Kd3 f4 62. Bc2 Rg2 63. a4 c4+ 64. Kc3 Rg3 65. Bd1 Ke4 66. a5 Rxf3+ 67. Bxf3+ Kxf3 68. a6 1-0

[Event "Olavarria Checkmate B U2200"]
[Site "Olavarria"]
[Date "2016.08.14"]
[Round "5.2"]
[White "Lujan, Nelson"]
[Black "Luque, Jorge Luis"]
[Result "1-0"]
[WhiteElo "1954"]
[BlackElo "2040"]
[PlyCount "65"]
[EventDate "2016.08.12"]
[EventType "swiss"]
[EventRounds "6"]
[EventCountry "ARG"]
[SourceTitle "EXT 2024"]
[Source "ChessBase"]
[SourceDate "2023.10.10"]
[SourceVersion "1"]
[SourceVersionDate "2023.10.10"]
[SourceQuality "1"]

1. e4 d5 2. Nc3 d4 3. Nce2 c5 4. f4 d3 5. cxd3 Qxd3 6. Ng3 Qd8 7. Nf3 Nc6 8. Bc4 Nf6 9. h3 e6 10. d3 Be7 11. Be3 0-0 12. 0-0 a6 13. a4 Rb8 14. Rc1 Qa5 15. e5 Nd7 16. d4 cxd4 17. Nxd4 Nxd4 18. Bxd4 Bc5 19. Bb3 Qb6 20. Bf2 Bxf2+ 21. Rxf2 Nc5 22. Bc2 Rd8 23. Qe2 Bd7 24. Qe3 Nxa4 25. Qe4 g6 26. Bxa4 Bxa4 27. Qxa4 Rd2 28. Ne4 Rxb2 29. Rcc2 Rb4 30. Nf6+ Kg7 31. Qa3 Rd8 32. Kh2 Rd1 33. Rc8 1-0